[Event "Villarrobledo rapid op"]
[Site "Villarrobledo"]
[Date "1997.08.23"]
[Round "5"]
[White "Shirov, Alexei"]
[Black "Ljubojevic, Ljubomir"]
[Result "1/2-1/2"]
[WhiteElo "2700"]
[BlackElo "2565"]

1.e4 c5 2.Nf3 d6 3.d4 cxd4 4.Nxd4 Nf6 5.Nc3 a6 6.Be3 e6 7.g4 h6 8.f4 Nc6
9.h3 Qc7 10.Qd2 Bd7 11.O-O-O Be7 12.Bd3 b5 13.Rhf1 Rb8 14.g5 hxg5 15.fxg5 Nh5
16.Nxc6 Bxc6 17.Qf2 Bd8 18.g6 Nf6 19.gxf7+ Kxf7 20.Qg3 Kg8 21.Bg5 Nh5 22.Bxd8 Rxd8
23.Qg5 e5 24.Nd5 Bxd5 25.exd5 Nf4 26.Bf5 Rh6 27.Rxf4 exf4 28.Be6+ Kh8 29.Qxf4 Qe7
30.Rf1 Qf6 31.Qxf6 Rxf6 32.Rg1 Rdf8 33.Rg5 g6 34.b3 Kh7 35.Kb2 Kh6 36.Rg1 Rf1
37.Rg4 R8f4 38.Rg3 R1f2 39.Rc3 Rd4 40.Rc6 Rdd2 41.a4 b4 42.a5 Kg5 43.Rc4 Kf6
44.Kc1 Ke5 45.Kb2 Rd4 46.Rc6 Rf1 47.Bg4 Re4 48.Rb6 Kxd5 49.Bc8 Ree1 50.Rxb4 Rb1+
51.Kc3 Rf3+ 52.Kd2 Rf2+ 53.Kc3 Rf3+  1/2-1/2

[Event "ST Lee Cup 4th"]
[Site "Beijing"]
[Date "1997.08.24"]
[Round "2"]
[White "Liang Jinrong"]
[Black "Pigusov, Evgeny"]
[Result "1/2-1/2"]
[WhiteElo "2425"]
[BlackElo "2560"]

1.e4 c5 2.Nf3 d6 3.d4 cxd4 4.Nxd4 Nf6 5.Nc3 a6 6.Be3 Ng4 7.Bg5 h6 8.Bh4 g5
9.Bg3 Bg7 10.Be2 h5 11.Bxg4 Bxg4 12.f3 Bd7 13.Bf2 Nc6 14.O-O e6 15.Nxc6 Bxc6
16.Bd4 Be5 17.Qd2 Qf6 18.Bxe5 Qxe5 19.Rad1 O-O-O 20.Rfe1 g4 21.f4 Qc5+ 22.Qd4 h4
23.b4 Qxd4+ 24.Rxd4 g3 25.hxg3 hxg3 26.Re3 Rh4 27.Rxg3 Rxf4 28.Rf3 Rg4 29.Rxf7 Rdg8
30.Rf2 d5 31.Rd3 dxe4 32.Re3 Rd8 33.a3 Rd4 34.g3 Rg5 35.Rfe2 Kc7 36.Kg2 Kd6
37.Rf2 Rf5 38.g4 Rxf2+ 39.Kxf2 Rc4 40.g5 Ke5 41.Rg3 Be8 42.Ne2 Rxc2 43.g6 Rc8
44.g7 Bf7 45.Rc3 Rg8 46.Rc7 Rxg7 47.Rxb7 Rh7 48.Ng3 Bg6 49.Rxh7 Bxh7 50.Ke3 Kd5
51.a4 Bg6 52.b5 axb5 53.axb5 Kc5 54.Nxe4+  1/2-1/2

[Event "ST Lee Cup 4th"]
[Site "Beijing"]
[Date "1997.09.03"]
[Round "10"]
[White "Liang Jinrong"]
[Black "Tong Yuanming"]
[Result "1-0"]
[WhiteElo "2425"]
[BlackElo "2510"]

1.e4 c5 2.Nf3 d6 3.d4 cxd4 4.Nxd4 Nf6 5.Nc3 a6 6.Be3 e6 7.Qd2 b5 8.f3 Nbd7
9.g4 Nb6 10.Qf2 Nfd7 11.O-O-O Bb7 12.Kb1 Rc8 13.Nce2 d5 14.Ng3 e5 15.Nb3 d4
16.Bc1 Nc4 17.f4 Qb6 18.fxe5 Ndxe5 19.Qxd4 Qxd4 20.Rxd4 g6 21.Bxc4 Nxc4 22.Rhd1 Bg7
23.Rd7 Ba8 24.Ra7 O-O 25.Rxa6 Be5 26.a4 b4 27.Re1 Rfe8 28.Nd2 Nd6 29.Nf3 Bxg3
30.hxg3 Nxe4 31.Bf4 b3 32.cxb3 Nc5 33.Ra5 Nxb3 34.Rxe8+ Rxe8 35.Rb5 Bxf3
36.Rxb3  1-0

[Event "POR-ch"]
[Site "Maceira"]
[Date "1997.09.05"]
[Round "3"]
[White "Santos, Carlos P"]
[Black "Ribeiro, Fernando"]
[Result "1/2-1/2"]
[WhiteElo "2355"]
[BlackElo "2340"]

1.e4 c5 2.Nf3 d6 3.d4 Nf6 4.Nc3 cxd4 5.Nxd4 a6 6.Be3 Ng4 7.Bg5 h6 8.Bh4 g5
9.Bg3 Bg7 10.Be2 h5 11.Bxg4 Bxg4 12.f3 Bd7 13.Bf2 Nc6 14.Nxc6 Bxc6 15.Bd4 Be5
16.Qd2 e6 17.O-O-O Qe7 18.h4 Bxd4 19.Qxd4 O-O-O 20.e5 dxe5 21.Qxe5 gxh4 22.Nd5 Bxd5
23.Rxd5 Rxd5 24.Qxh8+ Kc7 25.Qc3+ Kb8 26.Qe3 Qg5 27.Qxg5 Rxg5 28.Rxh4 Rxg2
29.Rxh5 Rg3 30.f4 Rf3 31.Rh4 Kc7 32.Kd2 Rf2+ 33.Kd3 Kd6 34.a4 b6 35.b3 Kd5
36.Rh5+ f5 37.Rh4 Rf3+ 38.Ke2 Ke4 39.Rh6 Re3+ 40.Kd2 Kd4 41.Rh8 Re4 42.Rd8+ Kc5
43.Rc8+ Kd6 44.Rb8 Kc7 45.Re8 b5 46.axb5 axb5 47.c3  1/2-1/2

[Event "POL-chT"]
[Site "Krynica"]
[Date "1997.09.27"]
[Round "3"]
[White "Jedryczka, Krystian"]
[Black "Jakubiec, Artur"]
[Result "1-0"]
[WhiteElo "2205"]
[BlackElo "2460"]

1.e4 c5 2.Nf3 d6 3.d4 Nf6 4.Nc3 cxd4 5.Nxd4 a6 6.Be3 e5 7.Nb3 Be6 8.Qd2 Nbd7
9.f3 b5 10.O-O-O Nb6 11.Qf2 Nfd7 12.f4 Rc8 13.Kb1 Rxc3 14.bxc3 Na4 15.Bd2 Qc7
16.c4 Bg4 17.Ba5 Qb7 18.cxb5 axb5 19.Be2 Bxe2 20.Qxe2 b4 21.Qc4 Nc3+ 22.Ka1 Nxd1
23.Rxd1 exf4 24.Qxb4 Qa7 25.Qc4 Qb7 26.Nd4 Be7 27.Nf5 Bf6+ 28.Bc3 O-O 29.Nxd6 Ne5
30.Nxb7 Nxc4 31.Bxf6 gxf6 32.Nc5 Ne3 33.Rd2 Rc8 34.Nd7 Nxc2+ 35.Kb2 Ne3 36.Kb3 Kg7
37.a4 Nc4 38.Rd5 Rc7 39.Kb4 Ne3 40.Rd2 Rb7+ 41.Kc5 Rc7+ 42.Kb5 Nc4 43.Rd3 Nb2
44.Rd2 Nc4 45.Rd4 Ne3 46.Nc5 Nxg2 47.Rd2 f3 48.Rf2 Ne1 49.Rf1 Nc2 50.Kb6 Rc8
51.Rxf3 Nd4 52.Rc3 Rb8+ 53.Nb7 Re8 54.a5 Rxe4 55.a6 Re6+ 56.Kc5 Nc6 57.Nd6 Na7
58.Kb6 Rxd6+ 59.Kxa7 Rd1 60.Kb7 Rb1+ 61.Kc7 Ra1 62.Rc6 Kg6 63.Kb7 Kg5 64.a7 f5
65.Ra6  1-0

[Event "ESP-ch"]
[Site "Torrevieja"]
[Date "1997.10.03"]
[Round "6"]
[White "Garbisu, Unai"]
[Black "Ferrer, Pedro"]
[Result "1-0"]
[WhiteElo "2380"]
[BlackElo "2265"]

1.e4 c5 2.Nf3 d6 3.d4 cxd4 4.Nxd4 Nf6 5.Nc3 a6 6.Be3 e5 7.Nf3 Qc7 8.a4 Be7
9.a5 Nbd7 10.Be2 O-O 11.O-O b5 12.axb6 Nxb6 13.Nd2 Bb7 14.Bxb6 Qxb6 15.Nc4 Qc7
16.Ne3 Rfc8 17.Bd3 Bf8 18.Qe2 a5 19.Rfd1 Bc6 20.Ra2 Qb7 21.f3 Nd7 22.Kh1 Nc5
23.Ncd5 Ne6 24.c3 Nf4 25.Nxf4 exf4 26.Nd5 Bxd5 27.exd5 Re8 28.Qc2 Qe7 29.Bxh7+ Kh8
30.Bd3 Qh4 31.Ra4 Re1+ 32.Bf1 Rae8 33.Kg1 Qe7 34.Rxe1 Qxe1 35.Rxa5 Qe3+ 36.Qf2 Qc1
37.Ra4 Be7 38.Re4  1-0

[Event "ESP-ch"]
[Site "Torrevieja"]
[Date "1997.10.06"]
[Round "9"]
[White "Garbisu, Unai"]
[Black "Reinaldo Castineira, Roi"]
[Result "1/2-1/2"]
[WhiteElo "2380"]
[BlackElo "2265"]

1.e4 c5 2.Nf3 d6 3.d4 cxd4 4.Nxd4 Nf6 5.Nc3 a6 6.Be3 Ng4 7.Bg5 h6 8.Bh4 g5
9.Bg3 Bg7 10.Be2 h5 11.Bxg4 Bxg4 12.f3 Bd7 13.Bf2 Nc6 14.O-O e6 15.Qd2 Ne5
16.b3 Rc8 17.Nce2 g4 18.f4 h4 19.Rad1 Nc6 20.c4 Ne7 21.Be3 h3 22.g3 f5 23.exf5 exf5
24.Nc2 b5 25.Bd4 Bxd4+ 26.Qxd4 Rh6 27.Ne3 bxc4 28.Nxc4 Bb5 29.Nc3 Bxc4 30.bxc4 Qc7
31.Rfe1 Kf8 32.Qe3 Qc5 33.Rd4 Rc7 34.Nd5  1/2-1/2

[Event "Mladi op"]
[Site "Litomysl"]
[Date "1997.10.23"]
[Round "3"]
[White "Simacek, Pavel"]
[Black "Blazkova, Petra"]
[Result "1-0"]
[WhiteElo "2305"]
[BlackElo "2225"]

1.e4 c5 2.Nf3 d6 3.d4 cxd4 4.Nxd4 Nf6 5.Nc3 a6 6.Be3 e6 7.g4 e5 8.Nf5 h5
9.g5 Nxe4 10.Nxg7+ Bxg7 11.Nxe4 d5 12.Nf6+ Bxf6 13.gxf6 Bg4 14.Be2 Qd7 15.Rg1 Nc6
16.Bb6 Qd6 17.c3 Qxf6 18.Qxd5 Nd8 19.Bc7 Rc8 20.Qxe5+ Qxe5 21.Bxe5 Rh6 22.Bxg4 hxg4
23.O-O-O Rc4 24.Rde1 Re6 25.Bd4 f5 26.h3 gxh3 27.Rg8+ Kf7 28.Reg1 Rd6 29.R1g7+ Ke6
30.Rg6+ Ke7 31.Rxd6 Nf7 32.Rg7 h2 33.Rxf7+  1-0

[Event "London"]
[Site "London"]
[Date "1997.10.23"]
[Round "8"]
[White "Lalic, Bogdan"]
[Black "Gormally, Daniel"]
[Result "0-1"]
[WhiteElo "2600"]
[BlackElo "2425"]

1.e4 c5 2.Nf3 d6 3.d4 cxd4 4.Nxd4 Nf6 5.Nc3 a6 6.Be3 e5 7.Nb3 Be7 8.f3 Be6
9.Qd2 O-O 10.O-O-O b5 11.g4 b4 12.Na4 Nbd7 13.Kb1 Rb8 14.g5 Nh5 15.Bxa6 Qc7
16.c4 Qc6 17.Bb5 Rxb5 18.cxb5 Qxb5 19.Nc1 Qxa4 20.b3 Qa5 21.Nd3 d5 22.exd5 Qxd5
23.Nxb4 Qxf3 24.Nd5 Qe4+ 25.Kb2 Bxd5 26.Qxd5 Qxe3 27.Qxd7 Bc5 28.Qd2 Bd4+
29.Kb1 Qe4+ 30.Qd3 Qg2 31.Qd2 Qd5 32.Rhf1 g6 33.Rc1 Rb8 34.Qd3 Nf4 35.Qc4 Qe4+
36.Qc2 Qa8 37.Qc4 Qg2 38.Rc2 Qxg5 39.a3 Qf6 40.b4 Qd6 41.Ka2 Nd5 42.Rf3 Ra8
43.Rb3 Ra7 44.Qb5 Qe6 45.a4 Kg7 46.Ka3 Nc7 47.Qd3 Qd5 48.b5 Qd6+  0-1

[Event "Mladi op"]
[Site "Litomysl"]
[Date "1997.10.24"]
[Round "5"]
[White "Krejci, J."]
[Black "Blazkova, Petra"]
[Result "1/2-1/2"]
[WhiteElo "2125"]
[BlackElo "2225"]

1.e4 c5 2.Nf3 d6 3.d4 cxd4 4.Nxd4 Nf6 5.Nc3 a6 6.Be3 e6 7.f3 b5 8.g4 Nfd7
9.Qd2 Nb6 10.O-O-O Bb7 11.Bd3 N8d7 12.Kb1 Rc8 13.h4 Ne5 14.Qf2 Nbc4 15.g5 Nxe3
16.Qxe3 Be7 17.f4 Nxd3 18.Qxd3 O-O 19.h5 Qd7 20.Rh2 Rc4 21.Rg1 Rfc8 22.f5 b4
23.f6 bxc3 24.fxe7 Qxe7 25.g6 h6 26.gxf7+ Qxf7 27.Rhg2 g5 28.hxg6 Qf6 29.Qh3 Rxd4
30.Qxh6 Rc7 31.Rh2 Bxe4 32.Qh7+ Rxh7 33.gxh7+ Kf7 34.h8=Q Qxh8 35.Rxh8 cxb2
36.Kxb2 Rd2 37.Rc8 Kf6 38.Rg3 Ke5 39.Ra3 Rd5 40.Rb3 Ra5 41.Rc7 d5 42.Rb6 d4
43.Ra7 d3 44.cxd3  1/2-1/2

[Event "Mladi op"]
[Site "Litomysl"]
[Date "1997.10.26"]
[Round "7"]
[White "Tupy, Martin"]
[Black "Rachela, Milan"]
[Result "1-0"]
[WhiteElo "2235"]
[BlackElo "2025"]

1.e4 c5 2.Nf3 d6 3.d4 cxd4 4.Nxd4 Nf6 5.Nc3 a6 6.Be3 Ng4 7.Bg5 h6 8.Bh4 g5
9.Bg3 Bg7 10.Be2 h5 11.Bxg4 Bxg4 12.f3 Bd7 13.Bf2 Nc6 14.O-O Ne5 15.Qe2 Rc8
16.Nd5 O-O 17.Rfd1 e6 18.Ne3 b5 19.c3 Nc4 20.a4 Be5 21.axb5 Bxb5 22.Nxc4 Bxc4
23.Qd2 d5 24.exd5 Bxd5 25.Rxa6 Qf6 26.Bg3 Bxg3 27.hxg3 Rfd8 28.Qe3 Qg7 29.Re1 h4
30.g4 Rd7 31.Qe5 Qg6 32.Kh2 Rb7 33.b4 Rbc7 34.Nb5 Rd7 35.Rd6 Rb7 36.Rxd5 exd5
37.Nd6 Rbc7 38.Nxc8 Rxc8 39.Rd1 Qg7 40.Rxd5 Qxe5+ 41.Rxe5 Rxc3 42.Rxg5+ Kh7
43.Kh3 Rc2 44.b5 Rb2 45.g3 hxg3 46.Kxg3 Rb4 47.Kf2 f6 48.Rf5 Kg6 49.Ke3 Rc4
50.Kd3 Rc1 51.Kd4  1-0

[Event "WchT 4th"]
[Site "Luzern"]
[Date "1997.11.02"]
[Round "9"]
[White "Akopian, Vladimir"]
[Black "Short, Nigel D"]
[Result "1/2-1/2"]
[WhiteElo "2660"]
[BlackElo "2660"]

1.e4 c5 2.Nf3 d6 3.d4 cxd4 4.Nxd4 Nf6 5.Nc3 a6 6.Be3 e5 7.Nb3 Be7 8.Be2 Be6
9.O-O O-O 10.a4 Nbd7 11.a5 Rc8 12.Qd2 Qc7 13.Bf3 h6 14.Rfd1 Rfe8 15.Qe1 Ra8
16.Nc1 b6 17.axb6 Nxb6 18.b3 Nbd7 19.N1e2 Rec8 20.Ra2 Nc5 21.Rda1 Qc6 22.Bd2 Bd8
23.Ng3 a5 24.h3 Rab8 25.Nd5 Nxd5 26.exd5 Bxd5 27.Bxd5 Qxd5 28.Bxa5 Bxa5 29.Rxa5 Qe6
30.Ra7 d5 31.Qd2 d4 32.Re1 Re8 33.Qa5 Nd7 34.Ra6 Rb6 35.Rxb6 Nxb6 36.f4 Nd7
37.fxe5 Nxe5 38.Rf1 Nc6 39.Qd2 Qe3+ 40.Qf2 g6 41.Ne2 f5 42.Qxe3 Rxe3  1/2-1/2

[Event "RUS-Cup01 Chigorin mem"]
[Site "St Petersburg"]
[Date "1997.11.05"]
[Round "5"]
[White "Novgorodskij, Vladimir"]
[Black "Loginov, Valery A"]
[Result "1-0"]
[WhiteElo "2390"]
[BlackElo "2550"]

1.e4 c5 2.Nf3 d6 3.d4 cxd4 4.Nxd4 Nf6 5.Nc3 a6 6.Be3 e5 7.Nb3 Be6 8.f3 Be7
9.Qd2 O-O 10.O-O-O a5 11.Bb5 Nc6 12.Kb1 Ne8 13.f4 exf4 14.Bxf4 Bf6 15.Bxc6 bxc6
16.e5 dxe5 17.Qxd8 Bxd8 18.Bxe5 Nf6 19.Nc5 Bg4 20.Rd4 Bh5 21.Nb7 Be7 22.Ra4 Nd7
23.Bd4 Bb4 24.a3 c5 25.axb4 cxd4 26.Nd5 axb4 27.Rxb4 Ra6 28.Re1 Rfa8 29.Kc1 Ra1+
30.Kd2 Rxe1 31.Kxe1 Ra1+ 32.Kf2 Rc1 33.Rxd4 Rxc2+ 34.Kg3 Kf8 35.b4 f6 36.Nd6 Ne5
37.b5 Rb2 38.b6 Rb3+ 39.Kf4 Bf7 40.b7 Bxd5 41.Rxd5 Rb4+ 42.Ke3 Rb3+ 43.Kd4 Nc6+
44.Kc4 Rb2 45.Rc5 Rc2+ 46.Kb5 Rxc5+ 47.Kxc5 Nb8 48.Kb6 g6 49.Ne4 Ke7 50.Kc7 Nd7
51.Nxf6 Nc5 52.Nxh7  1-0

[Event "RUS-Cup01 Chigorin mem"]
[Site "St Petersburg"]
[Date "1997.11.08"]
[Round "8"]
[White "Socko, Bartosz"]
[Black "Vaulin, Alexander"]
[Result "1-0"]
[WhiteElo "2435"]
[BlackElo "2530"]

1.e4 c5 2.Nf3 d6 3.d4 cxd4 4.Nxd4 Nf6 5.Nc3 a6 6.Be3 Ng4 7.Bg5 h6 8.Bh4 g5
9.Bg3 Bg7 10.Be2 h5 11.Bxg4 Bxg4 12.f3 Bd7 13.Bf2 Nc6 14.O-O e6 15.Nce2 Ne5
16.c3 Rc8 17.b3 b5 18.Qd2 Qf6 19.Be3 Rg8 20.Bxg5 Qg6 21.Be3 Bh6 22.g3 Bf8
23.Nf4 Qh7 24.Nd3 Nxd3 25.Qxd3 h4 26.g4 d5 27.h3 dxe4 28.fxe4 Rd8 29.Qc2 Bc8
30.Nc6 Rd6 31.Ne5 f5 32.exf5 exf5 33.Rae1 Be7 34.Bc5 Re6 35.Bxe7 Rxe7 36.Nc6 Re4
37.Qd3 Bd7 38.Qd6 Rg6 39.Rxe4+  1-0

[Event "RUS-Cup01 Chigorin mem"]
[Site "St Petersburg"]
[Date "1997.11.09"]
[Round "9"]
[White "Shakhov, Aleksandr E"]
[Black "Loskutov, Oleg"]
[Result "1-0"]
[WhiteElo "2180"]
[BlackElo "2375"]

1.e4 c5 2.Nf3 d6 3.d4 cxd4 4.Nxd4 Nf6 5.Nc3 a6 6.Be3 Ng4 7.Bg5 h6 8.Bh4 g5
9.Bg3 Bg7 10.Be2 h5 11.h4 Nc6 12.Nb3 gxh4 13.Bxh4 Be6 14.Qd2 Rc8 15.O-O Bxb3
16.axb3 Nd4 17.Bc4 b5 18.Bd3 Ne5 19.Kh1 Nef3 20.gxf3 Qd7 21.Kg2 Rg8 22.Qg5 Ne6
23.Qg3 Rxc3 24.bxc3 Kf8 25.Kh1 Bxc3 26.Qh3 Qc7 27.Rxa6 Rg6 28.Ra8+ Kg7 29.Rg1  1-0

[Event "Edinburgh m"]
[Site "Edinburgh"]
[Date "1997.12.18"]
[Round "5"]
[White "Rowson, Jonathan"]
[Black "Hillarp Persson, Tiger"]
[Result "1-0"]
[WhiteElo "2490"]
[BlackElo "2445"]

1.e4 c5 2.Nf3 d6 3.d4 cxd4 4.Nxd4 Nf6 5.Nc3 a6 6.Be3 e6 7.Be2 Nbd7 8.O-O b5
9.a4 b4 10.Na2 Nxe4 11.Nxb4 Bb7 12.Bh5 Ndf6 13.Nxe6 Qa5 14.Nd3 Qxh5 15.Nc7+ Kd7
16.Nxa8 Bxa8 17.f3 Ng5 18.Nf4 Qh4 19.Qd4 Nd5 20.Qa7+  1-0

[Event "Viking op"]
[Site "Aaland-Stockholm"]
[Date "1997.??.??"]
[Round "?"]
[White "Sax, Gyula"]
[Black "Dzevlan, Miralem"]
[Result "1-0"]
[WhiteElo "2570"]
[BlackElo "2420"]

1.e4 c5 2.Nf3 d6 3.d4 cxd4 4.Nxd4 Nf6 5.Nc3 a6 6.Be3 e5 7.Nb3 Be6 8.Qd2 Nbd7
9.f3 b5 10.a4 b4 11.Nd5 Bxd5 12.exd5 Nb6 13.Bxb6 Qxb6 14.a5 Qb7 15.Bc4 Be7
16.Ra4 Rb8 17.Nc1 Bd8 18.b3 O-O 19.Na2 e4 20.Kd1 exf3 21.gxf3 Qc8 22.Nxb4 Qh3
23.Rf1 Nd7 24.Nc6 Ra8 25.Qf4 Nc5 26.Ra3 Nb7 27.b4 Bf6 28.Re3 Kh8 29.Bd3 Nd8
30.Ne7 Be5 31.Rxe5 dxe5 32.Qxe5 f6 33.Qg3 Qh5 34.Rg1 g5 35.h4 Ra7 36.d6 Nf7
37.hxg5 Nxg5 38.Be2 Qf7 39.Rh1 Rd8 40.Bd3 Rxe7 41.dxe7 Qxe7 42.Qf4 Kg7 43.Qg4 Kh8
44.Qf5 Rd7 45.Re1 Qd8 46.f4 Rd5 47.Re8+ Qxe8 48.Qxd5 Ne6 49.Qf5 Qe7 50.Bxa6  1-0

[Event "Andorra op"]
[Site "Andorra"]
[Date "1997.??.??"]
[Round "3"]
[White "Van der Vorm, Teun"]
[Black "Renet, Olivier"]
[Result "1/2-1/2"]
[WhiteElo "2405"]
[BlackElo "2505"]

1.e4 c5 2.Nf3 d6 3.d4 cxd4 4.Nxd4 Nf6 5.Nc3 a6 6.Be3 e5 7.Nf3 Be7 8.Bc4 O-O
9.O-O Be6 10.Bb3 b5 11.Qd3 Nc6 12.Bg5 Nh5 13.Bxe7 Qxe7 14.Rfd1 Rfd8 15.Nd5 Bxd5
16.Qxd5 Na5 17.Qd3 Rac8 18.g3 Nf6 19.Nh4 g6 20.c3 Nc4 21.Qe2 Qb7 22.Re1 Kg7
23.Rad1 Qc6 24.Ng2 Rd7 25.f3 Qb6+ 26.Kh1 h5 27.Ne3 Nxe3 28.Qxe3 Rc5 29.Rd2 b4
30.cxb4 Qxb4 31.Red1 Qb6 32.Rd3 Qc7 33.Qd2 d5 34.exd5 Qd6 35.Rc3 h4 36.Rxc5 Qxc5
37.Rc1 Qb5 38.Re1 Nxd5 39.Qe2 Qxe2  1/2-1/2

[Event "Ano Liosia op"]
[Site "Ano Liosia"]
[Date "1997.??.??"]
[Round "5"]
[White "Kotronias, Vasilios"]
[Black "Georgiev, Krum"]
[Result "0-1"]
[WhiteElo "2590"]
[BlackElo "2490"]

1.e4 c5 2.Nf3 d6 3.d4 cxd4 4.Nxd4 Nf6 5.Nc3 a6 6.Be3 e6 7.g4 b5 8.g5 Nfd7
9.a3 Bb7 10.h4 Be7 11.Qg4 Nc6 12.Nxc6 Bxc6 13.O-O-O Rb8 14.Qg3 Qc7 15.h5 a5
16.b4 axb4 17.axb4 Rc8 18.Bd3 Ne5 19.Kd2 O-O 20.Bd4 Bxg5+ 21.f4 Bh6 22.Ke2 Nxd3
23.cxd3 f6 24.Ra1 Qf7 25.Ra7 Rc7 26.Rxc7 Qxc7 27.Ra1 e5 28.Be3 Qf7 29.Rh1 f5
30.Qf3 fxe4 31.Nxe4 Qa2+ 32.Bd2 Rxf4  0-1

[Event "EU-ch Rapid"]
[Site "Athens"]
[Date "1997.??.??"]
[Round "2"]
[White "Van den Doel, Erik"]
[Black "Tella, Jussi"]
[Result "1-0"]
[WhiteElo "2440"]
[BlackElo "2375"]

1.e4 c5 2.Nf3 d6 3.d4 cxd4 4.Nxd4 Nf6 5.Nc3 a6 6.Be3 e6 7.g4 Be7 8.g5 Nfd7
9.h4 Nc6 10.Qd2 Nxd4 11.Qxd4 O-O 12.O-O-O b5 13.Kb1 Bb7 14.Rg1 Rc8 15.h5 Ne5
16.h6 b4 17.Na4 Qc7 18.Rc1 f6 19.Bh3 Kf7 20.hxg7 Rg8 21.Qxb4 d5 22.Qb6 Qxb6
23.Nxb6 Rcd8 24.exd5 exd5 25.gxf6 Bxf6 26.Bf5 d4 27.Bf4 Ng6 28.Bc7 Rde8 29.Nc4 Re7
30.Nd6+ Kxg7  1-0

[Event "Bad Homburg"]
[Site "Bad Homburg"]
[Date "1997.??.??"]
[Round "5"]
[White "Hracek, Zbynek"]
[Black "Lutz, Christopher"]
[Result "1-0"]
[WhiteElo "2605"]
[BlackElo "2590"]

1.e4 c5 2.Nf3 d6 3.d4 cxd4 4.Nxd4 Nf6 5.Nc3 a6 6.Be3 e5 7.Nb3 Be6 8.f3 Nbd7
9.Qd2 b5 10.a4 b4 11.Nd5 Bxd5 12.exd5 Nb6 13.Bxb6 Qxb6 14.a5 Qb7 15.Bc4 Be7
16.Ra4 Rb8 17.Nc1 Bd8 18.b3 Qa7 19.Nd3 Qd4 20.Nxb4 Qxd2+ 21.Kxd2 Rxb4 22.Rxb4 Bxa5
23.Kc3 Kd7 24.Ra1 Bxb4+ 25.Kxb4 Ra8 26.Ka5 Kc7 27.b4 Kb7 28.Bb3 Rc8 29.c4 Nh5
30.Rc1 Nf4 31.c5 dxc5 32.bxc5 Nd3 33.c6+ Kc7 34.d6+ Kxd6 35.Rd1 Rxc6 36.Rxd3+ Ke7
37.Kb4 Rh6 38.h3 Rg6 39.Rd2 Rd6 40.Rd5 Rb6+ 41.Kc3 Rb5 42.Rxb5 axb5 43.Kb4 f5
44.Kxb5 Kf6 45.Kc4 Kg5 46.Kd3 Kf4 47.Ke2 e4 48.fxe4 Kxe4 49.Bf7 Kf4 50.Kf2 g6
51.Be8 g5 52.Bf7 Ke4 53.Bh5 Kf4 54.Bf3 Ke5 55.Ke3 Ke6 56.Kd4 Kd6 57.Bd1 Ke6
58.Bh5 Kd6 59.Bf7 h6 60.Bg6 Ke6 61.g4  1-0

[Event "Wch Seniors"]
[Site "Bad Wildbad"]
[Date "1997.??.??"]
[Round "8"]
[White "Klovans, Janis"]
[Black "Lapienis, Donatas"]
[Result "1-0"]
[WhiteElo "2465"]
[BlackElo "2340"]

1.e4 c5 2.Nf3 d6 3.d4 cxd4 4.Nxd4 Nf6 5.Nc3 a6 6.Be3 e5 7.Nb3 Be6 8.f3 Nbd7
9.g4 h6 10.Qd2 b5 11.O-O-O Nb6 12.Qf2 Rb8 13.Nc5 Bc8 14.Nd3 Nc4 15.Ba7 Rb7
16.Nb4 Qa5 17.Bxc4 bxc4 18.a3 Be6 19.h4 Qc7 20.g5 a5 21.Na6 Qc6 22.Nb8 Qc7
23.gxf6 gxf6 24.a4 Rxa7 25.Nb5 Qxb8 26.Nxa7 Bd7 27.Nb5 Bxb5 28.axb5 Qxb5
29.Qa7 c3 30.bxc3 h5 31.Rd2 Rg8 32.f4 Rg3 33.Rd5 Qc6 34.Qb8+ Ke7 35.Rxa5 Bh6
36.Ra7+ Ke6 37.Qb3+  1-0

[Event "Bad Woerishofen op"]
[Site "Bad Woerishofen"]
[Date "1997.??.??"]
[Round "8"]
[White "Tischbierek, Raj"]
[Black "Mowsziszian, Karen"]
[Result "1/2-1/2"]
[WhiteElo "2490"]
[BlackElo "2490"]

1.e4 c5 2.Nc3 d6 3.Nge2 Nf6 4.d4 cxd4 5.Nxd4 a6 6.Be3 e5 7.Nf3 Qc7 8.Be2 Be7
9.a4 O-O 10.O-O b6 11.Qd3 Bb7 12.Qc4 Qd8 13.Nd2 Nbd7 14.Rad1 Rc8 15.Qa2 Nc5
16.Bf3 h6 17.Nc4 Qc7 18.Bxc5 Qxc5 19.Ne3 Qb4 20.Ncd5 Nxd5 21.Rxd5 Bg5 22.c3 Bxd5
23.Nxd5 Qc5 24.g3 g6 25.Bg4 Rb8 26.h4 Bd8 27.Bd7 a5 28.Rd1 b5 29.axb5 Qa7
30.Bc6 Kg7 31.b4 f5 32.exf5 Rxf5 33.bxa5 Bxa5 34.Ne3 Rf7 35.Rxd6 Rbf8 36.Qc2 Kh8
37.Qxg6 Rxf2 38.Qxh6+ Qh7 39.Qxh7+ Kxh7 40.Be4+ Kh8 41.Rh6+ Kg8 42.Nd5 Re2
43.Bf5 e4 44.g4 e3 45.Rg6+ Kh8 46.Kf1 Rf2+ 47.Ke1 Rd8 48.Rh6+ Kg8 49.Rg6+ Kh8  1/2-1/2

[Event "Baunatal op"]
[Site "Baunatal"]
[Date "1997.??.??"]
[Round "6"]
[White "Vatter, Hans Joachim"]
[Black "Gutman, Lev"]
[Result "0-1"]
[WhiteElo "2265"]
[BlackElo "2475"]

1.e4 c5 2.Nf3 d6 3.d4 cxd4 4.Nxd4 Nf6 5.Nc3 a6 6.Be3 Ng4 7.Bc1 Bd7 8.f3 Ne5
9.f4 Nec6 10.Nf3 Bg4 11.Be3 Nd7 12.h3 Bxf3 13.Qxf3 g6 14.Bd3 Bg7 15.O-O O-O
16.Kh1 Rc8 17.Bd2 Nc5 18.Rab1 Nb4 19.a3 Ncxd3 20.cxd3 Nc2 21.f5 Nd4 22.Qg4 e6
23.Bg5 f6 24.Be3 exf5 25.Qg3 Nc6 26.exf5 d5 27.Bc5 Re8 28.fxg6 hxg6 29.Qxg6 Ne5
30.Qf5 Rxc5 31.d4 Rc7 32.dxe5 Rxe5 33.Qf3 Rd7 34.Rbd1 d4 35.Ne4 f5 36.Ng3 Rf7
37.Nh5 Qh4 38.Nxg7 Kxg7 39.Rd3 Re4 40.Kh2 Qh6 41.Qg3+ Kh7 42.Rdf3 Qg6 43.Rf4 Qxg3+
44.Kxg3 Rg7+ 45.Kh2 Re2 46.R4f2 Rxf2 47.Rxf2 Kg6 48.Rd2 Rd7 49.Kg3 Kf6 50.Kf4 Ke6
51.g3 Kd5 52.Kxf5 Rf7+ 53.Kg6 Rf1 54.Rh2 d3 55.g4 Rf4 56.g5 Rd4 57.Rd2 Ke4
58.Kf7 Rd7+ 59.Ke6 Rh7 60.g6 Rxh3 61.Rg2 Kf3 62.g7 Kxg2 63.g8=Q+ Kf2 64.Qg5 Re3+
65.Kd5 d2 66.Qh4+ Ke2 67.Qh2+ Kd1 68.Qg1+ Kc2 69.Qxe3 d1=Q+ 70.Kc5 Kxb2 71.Kb6 Qd5
72.a4 Qc6+ 73.Ka7 b5 74.axb5 axb5 75.Qd2+ Kb3 76.Qd3+ Ka4  0-1

[Event "Regionalliga SW9798"]
[Site "Bayern"]
[Date "1997.??.??"]
[Round "?"]
[White "Fischer, Michael"]
[Black "Schulz, Michael"]
[Result "1-0"]
[WhiteElo "2000"]
[BlackElo "2120"]

1.e4 c5 2.Nf3 d6 3.d4 cxd4 4.Nxd4 Nf6 5.Nc3 a6 6.Be3 e5 7.Nb3 Be6 8.f3 Be7
9.Qd2 Nbd7 10.g4 h6 11.O-O-O b5 12.h4 Nb6 13.Qg2 b4 14.Ne2 Nc4 15.Bf2 a5
16.Nc5 Qc7 17.Nxe6 fxe6 18.g5 Nh5 19.Qg4 Nf4 20.Nxf4 exf4 21.Qxe6 Ne5 22.Bb5+ Kf8
23.Qf5+ Kg8 24.Ba4 g6 25.Qe6+ Kg7 26.Bd4 Rad8 27.h5 gxh5 28.gxh6+ Kh7 29.Bxe5 dxe5
30.Qf5+  1-0

[Event "Regionalliga SO9697"]
[Site "Bayern"]
[Date "1997.??.??"]
[Round "?"]
[White "Zauner, Josef"]
[Black "Knechtel, Roland"]
[Result "1-0"]
[WhiteElo "2120"]
[BlackElo "2070"]

1.e4 c5 2.Nf3 d6 3.d4 cxd4 4.Nxd4 Nf6 5.Nc3 a6 6.Be3 e6 7.f3 Qc7 8.g4 b5
9.Qd2 Nc6 10.Nxc6 Qxc6 11.O-O-O Be7 12.h4 Bb7 13.Bg2 b4 14.Ne2 d5 15.g5 Nd7
16.Nd4 Qc7 17.exd5 Bxd5 18.f4 Nb6 19.Bxd5 Nxd5 20.f5 e5 21.Nb5 axb5 22.Qxd5 O-O
23.g6 Qc4 24.gxf7+ Kh8 25.Bg5 Bxg5+ 26.hxg5 Qf4+ 27.Kb1 Qxf5 28.Rdf1 Qxg5
29.Qxa8  1-0

[Event "Regionalliga SW9697"]
[Site "Bayern"]
[Date "1997.??.??"]
[Round "?"]
[White "Moebus, Martin"]
[Black "Santl, Anton"]
[Result "0-1"]
[WhiteElo "2095"]
[BlackElo "2085"]

1.e4 c5 2.Nf3 d6 3.d4 cxd4 4.Nxd4 Nf6 5.Nc3 a6 6.Be3 e5 7.Nb3 Be7 8.Qd2 O-O
9.O-O-O Be6 10.f4 Nc6 11.Be2 b5 12.f5 Bxb3 13.axb3 Qa5 14.Kb1 Nb4 15.Bf3 Rfc8
16.Qf2 Rc6 17.g4 Rac8 18.Bd2 Bd8 19.Qe1 Bb6 20.h4 Nd7 21.Rh3 Bd4 22.Bg2 Bxc3
23.Bxc3 Qa2+ 24.Kc1 Nc5 25.Kd2 Nxb3+ 26.Ke2 Nxc2 27.Qg3 Rxc3 28.bxc3 Ncd4+  0-1

[Event "Regionalliga SO9798"]
[Site "Bayern"]
[Date "1997.??.??"]
[Round "?"]
[White "Hartl, Rainer"]
[Black "Klein, Josef"]
[Result "0-1"]
[WhiteElo "1910"]
[BlackElo "2065"]

1.e4 c5 2.Nf3 d6 3.d4 cxd4 4.Nxd4 Nf6 5.Nc3 a6 6.Be3 e6 7.g4 e5 8.Nf5 g6
9.Nh6 Bxh6 10.Bxh6 Nxg4 11.Qd2 Be6 12.Rd1 Nc6 13.Bg5 Nd4 14.Qxd4 exd4 15.Bxd8 dxc3
16.Ba5 cxb2 17.Bc3 Bxa2 18.Bxb2 O-O 19.h3 Ne5 20.Rxd6 Rfe8 21.Rb6 Bd5 22.Bg2 Nc4
23.Rb4 Bxe4 24.O-O Bxg2 25.Kxg2 b5 26.Ra1 Reb8  0-1

[Event "LIB-ch"]
[Site "Beirut"]
[Date "1997.??.??"]
[Round "6"]
[White "Fadi, Eid"]
[Black "Omar, Hytham"]
[Result "1/2-1/2"]
[WhiteElo "2270"]
[BlackElo "2205"]

1.e4 c5 2.Nf3 d6 3.d4 cxd4 4.Nxd4 Nf6 5.Nc3 a6 6.Be3 e5 7.Nb3 Be7 8.f3 Be6
9.Qd2 Qc7 10.O-O-O Nbd7 11.g4 Nc5 12.Kb1 b5 13.g5 Nfd7 14.Nd5 Bxd5 15.exd5 Bd8
16.h4 Rb8 17.Bh3 a5 18.h5 a4 19.Nxc5 Nxc5 20.g6 a3 21.gxf7+ Kf8 22.b3 Na4
23.bxa4 bxa4+ 24.Ka1 Bf6 25.Rb1 Kxf7 26.Be6+ Ke7 27.Bg5 Rxb1+ 28.Rxb1 Rb8
29.Bxf6+ gxf6 30.Rxb8 Qxb8 31.Qc3 Qb6 32.Qxa3 Qg1+ 33.Kb2 Qb6+ 34.Kc1 Qg1+
35.Kd2 Qf2+  1/2-1/2

[Event "Berliner Sommer"]
[Site "Berlin"]
[Date "1997.??.??"]
[Round "4"]
[White "Gullaksen, Eirik T"]
[Black "Sasu Ducsoara, Andrea"]
[Result "1-0"]
[WhiteElo "2320"]
[BlackElo "2110"]

1.e4 c5 2.Nf3 d6 3.d4 cxd4 4.Nxd4 Nf6 5.Nc3 a6 6.Be3 e5 7.Nb3 Be6 8.f3 Nbd7
9.g4 b5 10.g5 Nh5 11.Nd5 Be7 12.Nxe7 Kxe7 13.Qd2 Nb6 14.O-O-O Nc4 15.Bxc4 bxc4
16.Na5 Qc7 17.Nb7 Qxb7 18.Qxd6+ Ke8 19.Qxe5 Rc8 20.Rd6 c3 21.b3 Ke7 22.Bc5 Rxc5
23.Qxc5 Rc8 24.Qa3 Ke8 25.Rxa6 Nf4 26.Ra7  1-0

[Event "Berliner Sommer"]
[Site "Berlin"]
[Date "1997.??.??"]
[Round "4"]
[White "Fusi, Christopher"]
[Black "Purtov, Andrei"]
[Result "1-0"]
[WhiteElo "2225"]
[BlackElo "2455"]

1.e4 c5 2.Nf3 d6 3.d4 cxd4 4.Nxd4 Nf6 5.Nc3 a6 6.Be3 e6 7.Qd2 b5 8.f3 Nbd7
9.O-O-O Qc7 10.g4 Nb6 11.Ndxb5 axb5 12.Nxb5 Qc6 13.Nxd6+ Bxd6 14.Qxd6 Qxd6
15.Rxd6 Nbd7 16.Bb5 Rxa2 17.Kb1 Ra5 18.c4 h6 19.Rhd1 e5 20.h4 Rxb5 21.cxb5 Ke7
22.Rc6 Rd8 23.Rc7 Ke8 24.Rdc1  1-0